Approaches to Human Development : (Record no. 198483)

MARC details
000 -LEADER
fixed length control field 00663nam a22002057a 4500
005 - DATE AND TIME OF LATEST TRANSACTION
control field 20230921104734.0
010 ## - LCCN (DPL NO)
LC control number ENG-138209
020 ## - INTERNATIONAL STANDARD BOOK NUMBER
International Standard Book Number 9788175054264
Terms of availability 100.00
035 ## - SYSTEM CONTROL NUMBER
System control number EN-121741
037 ## - SOURCE OF ACQUISITION
Source of stock number/acquisition DBAD/PUB
082 ## - DEWEY DECIMAL CLASSIFICATION NUMBER
Classification number 294.55
Edition number First 2014
100 ## - MAIN ENTRY--PERSONAL NAME
Personal name Ray, Sukanya
245 ## - TITLE STATEMENT
Title Approaches to Human Development :
Remainder of title As Shown by Swami Vivekananda
Statement of responsibility, etc By Sukanya Ray and Anil Baran Ray
250 ## - EDITION STATEMENT
Edition statement First 2014
260 ## - PUBLICATION, DISTRIBUTION, ETC. (IMPRINT)
Place of publication, distribution, etc Kolkata
Name of publisher, distributor, etc Advaita Asharma
Date of publication, distribution, etc 2014
270 ## - ADDRESS
Address 5 Delhi Entally Road
City Kolkata
Postal code 700014
300 ## - PHYSICAL DESCRIPTION
Extent 240 p.
Dimensions 22cm(hbk)
Other physical details Index
700 ## - ADDED ENTRY--PERSONAL NAME
Personal name Ray, Anil Baran
Relator term Author
9 (RLIN) 56915
942 ## - ADDED ENTRY ELEMENTS (KOHA)
Source of classification or shelving scheme Dewey Decimal Classification
Item type English Books
Classification part 294.55
Call number suffix RAY
Holdings
Withdrawn status Lost status Not for loan Collection code Home library Current library Date acquired Source of acquisition Cost, normal purchase price Full call number Barcode Copy number Cost, replacement price Koha item type
      Non-fiction D.B.Act.Division Mobile Library 21/09/2023 DBAD/PUB 100.00 294.55 RAY EN-121741 1 100.00 English Books

© Delhi Public Library
Hit Counter
free hit counter